[Event "Struga"]
[Site "Struga"]
[Date "1991.??.??"]
[Round "5"]
[White "Sofrevski, Jovan"]
[Black "Zahariev, Pance"]
[Result "1/2-1/2"]
[WhiteElo "2415"]
[BlackElo "2325"]

1.d4 g6 2.c4 Bg7 3.Nf3 d6 4.Nc3 Nf6 5.e4 O-O 6.Be2 e5 7.d5 Nh5 8.g3 Qe8 9.O-O f5
10.exf5 gxf5 11.Nh4 Nf6 12.f4 Ng4 13.Nxf5 Bxf5 14.Bxg4 Bxg4 15.Qxg4 Nd7 16.Qe6+ Kh8
17.Qxe8 Rfxe8 18.f5 e4 19.Be3 Bxc3 20.bxc3 Kg7 21.Bd4+ Kf7 22.Rf4 Ne5 23.Bxe5 Rxe5
24.Re1 e3 25.Kf1 Kf6 26.Ke2 Rae8 27.Ref1 b5 28.Rh4 bxc4 29.Rh6+ Kg7 30.Re6 Kf7
31.Rxe5 Rxe5 32.Rf4 Rxd5 33.Rxc4 c5 34.Kxe3 Rxf5 35.Ra4 Re5+ 36.Kd3 Re7 37.Rf4+ Ke8
38.Re4 d5 39.Rxe7+ Kxe7 40.Ke3 Ke6 41.Kf4 c4 42.Ke3 Ke5 43.g4 d4+ 44.cxd4+ Kd5
45.h4 c3 46.g5 c2 47.Kd2 Kxd4 48.h5 Ke5 49.Kxc2 Kf5 50.g6 hxg6 51.hxg6 Kxg6  1/2-1/2

[Event "SWE-ch"]
[Site "SWE"]
[Date "1991.??.??"]
[Round "3"]
[White "Carlhammar, Magnus"]
[Black "Winsnes, Rikard"]
[Result "1/2-1/2"]
[WhiteElo "2290"]
[BlackElo "2330"]

1.d4 Nf6 2.c4 g6 3.Nc3 Bg7 4.e4 d6 5.Be2 O-O 6.Nf3 e5 7.dxe5 dxe5 8.Qxd8 Rxd8
9.Bg5 c6 10.Nxe5 Re8 11.O-O-O Na6 12.Rd6 Be6 13.Nf3 h6 14.Bxf6 Bxf6 15.e5 Bg7
16.Ne4 Bg4 17.Nf6+ Bxf6 18.Rxf6 Rad8 19.Rd1 Rxd1+ 20.Kxd1 Nc5 21.Rd6 a5 22.h3 Bxf3
23.Bxf3 Rxe5 24.Rd8+ Kg7 25.b3 a4 26.Kc2 axb3+ 27.axb3 Re7 28.Rd2 Ne6 29.g3 f5
30.b4 f4 31.h4 c5 32.bxc5 fxg3 33.fxg3 Nxc5 34.Rd5 Re3 35.Rxc5 Rxf3 36.Rc7+ Kf6
37.Rxb7 Rxg3  1/2-1/2

[Event "SWE-ch"]
[Site "SWE"]
[Date "1991.??.??"]
[Round "9"]
[White "Barkhagen, Jonas"]
[Black "Winsnes, Rikard"]
[Result "1-0"]
[WhiteElo "2340"]
[BlackElo "2330"]

1.d4 Nf6 2.c4 g6 3.Nc3 Bg7 4.e4 d6 5.Be2 O-O 6.Nf3 e5 7.O-O Na6 8.Be3 Ng4
9.Bg5 f6 10.Bc1 Qe8 11.c5 exd4 12.Nxd4 dxc5 13.Nb3 Qe6 14.Nd5 c6 15.Nf4 Qd7
16.Bxa6 bxa6 17.Qxd7 Bxd7 18.Nxc5 Rf7 19.Rd1 Ne5 20.Be3 Re8 21.Nxd7 Nxd7
22.Rac1 Rxe4 23.Rxc6 Bh6 24.g3 Ne5 25.Rd8+ Rf8 26.Rxf8+ Bxf8 27.Rxa6 Nc4
28.Nd5 Bg7 29.Rxa7 Nxe3 30.Nxe3 f5 31.b3 f4 32.gxf4 Rxf4 33.Rb7 Bd4 34.a4 Rf3
35.a5  1-0

[Event "Tbilisi"]
[Site "Tbilisi"]
[Date "1991.??.??"]
[Round "?"]
[White "Giorgadze, Giorgi"]
[Black "Ioseliani, Nana"]
[Result "1-0"]
[WhiteElo "2495"]
[BlackElo "2470"]

1.d4 Nf6 2.c4 g6 3.Nc3 Bg7 4.e4 d6 5.Nf3 O-O 6.Be2 e5 7.Be3 Nc6 8.d5 Ne7
9.Nd2 Nd7 10.Qc2 f5 11.f3 Kh8 12.g4 Ng8 13.h4 fxg4 14.fxg4 Ndf6 15.g5 Nh5
16.Bf3 Bd7 17.O-O-O c6 18.dxc6 Bxc6 19.c5 Qe7 20.cxd6 Qxd6 21.Bg4 Rfd8 22.Nb3 Qc7
23.Rxd8 Qxd8 24.Rd1 Qe7 25.Na5 Nf4 26.Nxc6 bxc6 27.Rd7 Qe8 28.Rxa7 Rxa7 29.Bxa7 h5
30.Bd1 Qd7 31.Bf2 Qh3 32.a4 Bf8 33.Kb1 Qf1 34.Bb6 c5 35.a5 Ne6 36.Qe2 Qxe2
37.Bxe2 Ne7 38.Bc4 Nd4 39.Bxc5  1-0

[Event "Tbilisi"]
[Site "Tbilisi"]
[Date "1991.??.??"]
[Round "?"]
[White "Janjgava, Lasha"]
[Black "Arakhamia, Ketevan"]
[Result "1/2-1/2"]
[WhiteElo "2495"]
[BlackElo "2440"]

1.c4 Nf6 2.Nc3 g6 3.d4 Bg7 4.e4 d6 5.Be2 O-O 6.Nf3 e5 7.Be3 Ng4 8.Bg5 f6
9.Bh4 g5 10.Bg3 Nh6 11.dxe5 dxe5 12.h3 Nc6 13.Qxd8 Nxd8 14.Nd5 Ne6 15.h4 gxh4
16.Rxh4 Kh8 17.O-O-O Ng8 18.Rdh1 h6 19.Bd1 c6 20.Ne3 Nc5 21.Bc2 a5 22.Nh2 Rd8
23.Kb1 Be6 24.f4 Nd3 25.fxe5 Nxe5 26.Nhg4 Nxg4 27.Nxg4 Rd2 28.Bf4 Rxg2 29.Nxh6 Nxh6
30.Bxh6 b5 31.e5 f5 32.Bxg7+ Kxg7 33.Rh6 Bxc4 34.Bxf5 Rf8 35.Rh7+ Kg8 36.Rh8+ Kf7
37.e6+ Ke8 38.Be4 Rg1+ 39.Rxg1 Rxh8 40.Bxc6+ Ke7 41.Re1 Rh6 42.Bd7 b4 43.Re5 a4
44.Bxa4 Rh1+ 45.Kc2 Rh2+ 46.Kc1 Rh1+  1/2-1/2

[Event "Tel Aviv-B"]
[Site "Tel Aviv"]
[Date "1991.??.??"]
[Round "2"]
[White "Tsesarsky, Ilya"]
[Black "Lahav, Ehud"]
[Result "1-0"]
[WhiteElo "2440"]
[BlackElo "2380"]

1.Nf3 Nf6 2.c4 g6 3.Nc3 Bg7 4.e4 d6 5.d4 O-O 6.Be2 e5 7.O-O Nbd7 8.Re1 c6
9.Bf1 a6 10.Rb1 b5 11.b4 Qc7 12.dxe5 Nxe5 13.Nxe5 dxe5 14.a4 Bg4 15.f3 Rfd8
16.Qe2 Be6 17.axb5 axb5 18.cxb5 Rd4 19.Be3 Bf8 20.Bxd4 exd4 21.Nd1 cxb5 22.Qxb5 Rb8
23.Qg5 Rxb4 24.Nf2 Rxb1 25.Rxb1 Be7 26.Qc1 Qa7 27.Bc4 Bxc4 28.Qxc4 Nd7 29.Nd3  1-0

[Event "Tel Aviv-B"]
[Site "Tel Aviv"]
[Date "1991.??.??"]
[Round "11"]
[White "Zilberman, Yaacov"]
[Black "Har Zvi, Ronen"]
[Result "1/2-1/2"]
[WhiteElo "2425"]
[BlackElo "2240"]

1.d4 Nf6 2.Nf3 g6 3.c4 Bg7 4.Nc3 O-O 5.e4 d6 6.Be2 Na6 7.O-O e5 8.Be3 Ng4
9.Bg5 Qe8 10.dxe5 dxe5 11.Nd2 Nf6 12.Nd5 Qd8 13.f4 Nxd5 14.Bxd8 Ne3 15.Qc1 Nxf1
16.Bh4 Nxd2 17.Qxd2 exf4  1/2-1/2

[Event "Teteven op"]
[Site "Teteven"]
[Date "1991.??.??"]
[Round "7"]
[White "Petkov, Vladimir"]
[Black "Chakov, Plamen"]
[Result "1-0"]
[WhiteElo "2295"]
[BlackElo "2225"]

1.d4 Nf6 2.c4 g6 3.Nc3 Bg7 4.e4 d6 5.Nf3 O-O 6.Be2 e5 7.Be3 c6 8.O-O exd4
9.Nxd4 Re8 10.Qc2 Qe7 11.f3 d5 12.cxd5 cxd5 13.Bb5 Bd7 14.Bf2 dxe4 15.Rfe1 a6
16.Bxd7 Nbxd7 17.Nxe4 Nxe4 18.Rxe4 Qd6 19.Rd1 Rxe4 20.fxe4 Qf6 21.Qc7 Ne5
22.Bg3 Qg5 23.Nc2 Nc6 24.Qxb7 Rd8 25.Rxd8+ Nxd8 26.Qd5 Qc1+ 27.Ne1 Bf6 28.b3 Ne6
29.Kf1 Qa3 30.Qd2 Qc5 31.Nf3 Qc6 32.Qd5 Qc8 33.Bf2 Qc1+ 34.Be1 Kg7 35.a4 Nc5
36.e5 Be7 37.b4 Ne6 38.b5 Nf4 39.Qd4 Bc5 40.Qc3 Qd1 41.e6+ Kh6 42.Qc4 Nxe6
43.bxa6 Ba7 44.Ne5 Nd4 45.Nxf7+ Kg7 46.Ne5 Nc2 47.Qf7+ Kh6 48.Qf8+ Kg5 49.h4+  1-0

[Event "Torcy op-B"]
[Site "Torcy"]
[Date "1991.??.??"]
[Round "?"]
[White "Vasquez, G."]
[Black "Romieux, Sebastien"]
[Result "0-1"]
[WhiteElo "1970"]
[BlackElo "1880"]

1.d4 Nf6 2.c4 g6 3.Nf3 Bg7 4.Nc3 d6 5.e4 O-O 6.Be2 e5 7.d5 c5 8.dxc6 bxc6
9.Bg5 Be6 10.O-O Qc7 11.Qd2 Na6 12.Rfd1 Rad8 13.Ne1 Rd7 14.Rab1 Qb7 15.f3 Nc7
16.Na4 Nfe8 17.Qa5 f5 18.Be3 Na8 19.b3 f4 20.Bf2 Bf6 21.c5 d5 22.exd5 Bxd5
23.Nc3 Bd8 24.Qa4 Be6 25.Ne4 Nac7 26.Rxd7 Bxd7 27.Rd1 Nd5 28.Bc4 Kg7 29.Ba6 Qc7
30.b4 Nef6 31.Nxf6 Bxf6 32.Qb3 Be6 33.Bc4 Rd8 34.a3 Ne3 35.Bxe3 Bxc4 36.Qxc4 Rxd1
37.Bf2 Qd7 38.a4 Qd2 39.Qe4 Qd5 40.Qxd5 cxd5 41.c6 d4 42.Kf1 Rc1 43.b5 d3  0-1

[Event "Torcy op-B"]
[Site "Torcy"]
[Date "1991.??.??"]
[Round "?"]
[White "Molad, A."]
[Black "Catteau, Ludovic"]
[Result "1-0"]
[WhiteElo "1850"]
[BlackElo "1950"]

1.d4 Nf6 2.Nf3 g6 3.c4 Bg7 4.Nc3 O-O 5.e4 d6 6.Be2 e5 7.dxe5 dxe5 8.Qxd8 Rxd8
9.Bg5 Re8 10.O-O-O c6 11.Nxe5 Nxe4 12.Nxe4 Bxe5 13.f4 Bg7 14.Bf3 Be6 15.Nd6 Rf8
16.Be7 Na6 17.Bxf8 Kxf8 18.g4 Bh6 19.g5 Bg7 20.b3 Nc5 21.Ne4 Nxe4 22.Bxe4 a5
23.a4 Rc8 24.Kb1 b5 25.axb5 cxb5 26.cxb5 Bxb3 27.Rc1 Rb8 28.Rhe1 a4 29.Re3 Be6
30.Bc6 Bf5+ 31.Ka2 Bd4 32.Ree1 Be6+ 33.Ka3 Bb3 34.Re4 Rd8 35.Rxd4 Rxd4 36.b6 Rd8
37.Bxa4 Be6 38.Rc7 Rb8 39.b7 Kg7 40.Bb3 Bxb3 41.Kxb3  1-0

[Event "Torcy op"]
[Site "Torcy"]
[Date "1991.??.??"]
[Round "?"]
[White "Inkiov, Ventzislav"]
[Black "Komljenovic, Davor"]
[Result "0-1"]
[WhiteElo "2475"]
[BlackElo "2490"]

1.d4 Nf6 2.c4 g6 3.Nc3 Bg7 4.Nf3 O-O 5.e4 d6 6.Be2 e5 7.O-O Na6 8.d5 Nc5
9.Nd2 a5 10.Rb1 Nfd7 11.b3 f5 12.a3 Nf6 13.f3 Bd7 14.Qc2 Bh6 15.Kh1 Nh5 16.b4 axb4
17.axb4 Na4 18.Nxa4 Bxa4 19.Nb3 Bxc1 20.Rfxc1 Qh4 21.Kg1 Qg5 22.Qd2 Nf4 23.Bf1 Bxb3  0-1

[Event "Torcy op-B"]
[Site "Torcy"]
[Date "1991.??.??"]
[Round "?"]
[White "Caron, P."]
[Black "Ribaud Chevrey, P."]
[Result "1-0"]
[WhiteElo "1870"]
[BlackElo "2020"]

1.d4 d6 2.c4 Nd7 3.Nc3 e5 4.Nf3 Ngf6 5.e4 g6 6.Be2 Bg7 7.O-O O-O 8.Re1 Re8
9.Bf1 c6 10.d5 c5 11.a3 Rf8 12.b4 h6 13.Rb1 Ne8 14.Nd2 f5 15.Nb3 b6 16.g3 f4
17.Bh3 Kh7 18.Qd3 Nef6 19.Nb5 Ne8 20.Bd2 a6 21.Nc3 Nef6 22.Be6 fxg3 23.hxg3 Nh5
24.Kg2 Ndf6 25.Bxc8 Rxc8 26.bxc5 bxc5 27.Ne2 Kg8 28.Na5 Nh7 29.Ng1 Rc7 30.Nh3 Rcf7
31.Nc6 Qf6 32.Rf1 g5 33.f3 Qg6 34.Rb8 Rxb8 35.Nxb8 Rb7 36.Rb1 Rxb1 37.Qxb1 g4
38.fxg4 Qxg4 39.Qd3 Qd1 40.Qe3 N7f6 41.Nf2 Qa4 42.Qd3 Nh7 43.Nc6 N5f6 44.Ne7+ Kf7
45.Nf5 Bf8 46.Bxh6 Bxh6 47.Nxh6+ Ke7 48.Nfg4 Nxg4 49.Nxg4 Ng5 50.Nh6 Qe8
51.Nf5+ Kd7 52.Qb1 Kc7 53.Qb7+ Kxb7 54.Nxd6+ Kc7 55.Nxe8+ Kd8 56.Nf6 Ke7
57.Ng4 Nxe4 58.Nxe5 Kd6 59.Nf3 a5 60.g4 a4 61.g5 Ke7 62.Kh3 Kf7 63.Kg4 Kg6
64.Ne5+ Kg7 65.Kf5 Nd6+ 66.Ke6 Ne4  1-0

[Event "Torcy op"]
[Site "Torcy"]
[Date "1991.??.??"]
[Round "?"]
[White "Barlov, Dragan"]
[Black "Berthelot, Yannick"]
[Result "1-0"]
[WhiteElo "2505"]
[BlackElo "2315"]

1.d4 Nf6 2.Nf3 g6 3.c4 Bg7 4.Nc3 O-O 5.e4 d6 6.Be2 e5 7.dxe5 dxe5 8.Qxd8 Rxd8
9.Bg5 Re8 10.Nd5 Nxd5 11.cxd5 c6 12.Bc4 cxd5 13.Bxd5 Nc6 14.O-O-O Nb4 15.Bb3 Be6
16.Bxe6 Rxe6 17.Kb1 Na6 18.Be3 Re7 19.Rd6 b6 20.Rhd1 f6 21.Ng1 Kf7 22.Ne2 Bf8
23.Nc3 Rc7 24.R6d5 Ke6 25.f3 Bc5 26.Bxc5 Nxc5 27.Rd6+ Ke7 28.Rxf6 Kxf6 29.Nd5+ Kg5
30.Nxc7 Rc8 31.Nd5 h5 32.Rc1 Rf8 33.Kc2 h4 34.Kd2 h3 35.Ke3 hxg2 36.Rg1 Ne6
37.Rxg2+ Kh6 38.Nb4 Nd4  1-0

[Event "Torcy op"]
[Site "Torcy"]
[Date "1991.??.??"]
[Round "?"]
[White "Barlov, Dragan"]
[Black "Roeder, Mathias"]
[Result "1-0"]
[WhiteElo "2505"]
[BlackElo "2430"]

1.d4 Nf6 2.Nf3 g6 3.c4 Bg7 4.Nc3 O-O 5.e4 d6 6.Be2 e5 7.dxe5 dxe5 8.Qxd8 Rxd8
9.Bg5 c6 10.Nxe5 Re8 11.O-O-O Na6 12.Rd6 Rxe5 13.Bxf6 Bxf6 14.Rxf6 Nc5 15.Rd6 Nxe4
16.Rd8+ Kg7 17.Nxe4 Rxe4 18.Bf3 Rxc4+ 19.Kd2 b5 20.b3 Rc5 21.Re1 Bb7 22.Rxa8 Bxa8
23.Re7  1-0

[Event "Torcy op"]
[Site "Torcy"]
[Date "1991.??.??"]
[Round "?"]
[White "Komljenovic, Davor"]
[Black "Bideau, A."]
[Result "1-0"]
[WhiteElo "2490"]
[BlackElo "2050"]

1.d4 Nf6 2.c4 g6 3.Nc3 Bg7 4.e4 d6 5.Be2 O-O 6.Nf3 e5 7.Be3 h6 8.dxe5 dxe5
9.Qxd8 Rxd8 10.Nxe5 Nxe4 11.Nxe4 Bxe5 12.Bxh6 Bf5 13.Nc3 Re8 14.Be3 Nc6 15.O-O-O Be6
16.h4 Rad8 17.Nd5 a5 18.Bf3 Nb4 19.a3 Nxd5 20.cxd5 Bf5 21.g4 Bd7 22.h5 Ba4
23.Rd2 b5 24.hxg6 fxg6 25.Bd1 Bxd1 26.Kxd1 b4 27.axb4 axb4 28.Ke2 Ra8 29.Rc1 Ra2
30.Rc4 Rb8 31.f4 Bd6 32.Bc5 Kf7 33.Bxd6 cxd6 34.Kd3 Rb7 35.Rc6 Ke7 36.Rh2 Rd7
37.g5 Ra5 38.Kd4 b3 39.Rc8  1-0

[Event "Torcy op"]
[Site "Torcy"]
[Date "1991.??.??"]
[Round "?"]
[White "Villeneuve, Alain"]
[Black "Apicella, Manuel"]
[Result "1/2-1/2"]
[WhiteElo "2340"]
[BlackElo "2430"]

1.d4 Nf6 2.c4 g6 3.Nc3 Bg7 4.e4 d6 5.Be2 O-O 6.Nf3 e5 7.Be3 Na6 8.O-O Ng4
9.Bg5 Qe8 10.dxe5 h6 11.Bd2 dxe5 12.Ne1 Nf6 13.Nd3 c6 14.b4 Qe7 15.c5 Rd8
16.Qc1 Kh7 17.Rd1 Ne8 18.Be3 Nac7 19.Qa3 Ne6 20.Rd2 Bf6 21.Rad1 Nd4 22.h3 Bg5
23.Ne1 Ng7 24.Bf1 Nge6 25.Ne2 f5 26.exf5 gxf5 27.Nxd4 exd4  1/2-1/2

[Event "Torcy op"]
[Site "Torcy"]
[Date "1991.??.??"]
[Round "?"]
[White "Elbilia, Jacques"]
[Black "Calvo, Jesus Maria"]
[Result "0-1"]
[WhiteElo "2050"]
[BlackElo "2210"]

1.d4 Nf6 2.c4 g6 3.Nc3 Bg7 4.e4 d6 5.Nf3 O-O 6.Be2 Nbd7 7.O-O e5 8.Qc2 exd4
9.Nxd4 Re8 10.Be3 c6 11.Rad1 Qe7 12.f3 d5 13.cxd5 cxd5 14.Ndb5 dxe4 15.Nc7 exf3
16.Rxf3 Ne5 17.Rxf6 Qxc7 18.Rfd6 Bg4 19.R6d4 h5 20.Qd2 Bxe2 21.Nd5 Qd6 22.Nf4 Nf3+
23.gxf3 Bxd4 24.Bxd4 Bxd1  0-1

[Event "Val Thorens op"]
[Site "Val Thorens"]
[Date "1991.??.??"]
[Round "?"]
[White "David"]
[Black "Sharif, Mershad"]
[Result "1/2-1/2"]
[WhiteElo "2300"]
[BlackElo "2415"]

1.d4 Nf6 2.Nf3 g6 3.c4 Bg7 4.Nc3 O-O 5.e4 d6 6.Be2 e5 7.O-O Na6 8.Be3 c6
9.Qd2 Qe7 10.Bg5 Re8 11.Rfe1 Bd7 12.d5 c5 13.h3 Qf8 14.Nh2 Kh8 15.Bg4 Nxg4
16.hxg4 f6 17.Be3 f5 18.gxf5 gxf5 19.exf5 Qxf5 20.Bh6 Rg8 21.Bxg7+ Rxg7 22.Nf1 Rag8
23.Re3 Qf4 24.Rae1 Nc7 25.Ne4 Ne8 26.Rg3 Rxg3  1/2-1/2

[Event "Valby K41"]
[Site "Valby"]
[Date "1991.??.??"]
[Round "1"]
[White "Larsen, Bent"]
[Black "Cramling, Pia"]
[Result "1-0"]
[WhiteElo "2525"]
[BlackElo "2485"]

1.d4 Nf6 2.Nf3 g6 3.c4 Bg7 4.Nc3 O-O 5.e4 d6 6.Be2 e5 7.O-O Na6 8.d5 Nc5
9.Bg5 h6 10.Bxf6 Bxf6 11.b4 Nd7 12.Nd2 Bg7 13.Nb3 f5 14.a4 Rf7 15.a5 Nf6
16.exf5 gxf5 17.f4 exf4 18.Rxf4 Nh7 19.Nd4 Bf6 20.Ne6 Qe7 21.Qd3 Be5 22.Rf2 Ng5
23.Nd4 Ne4 24.Nxe4 fxe4 25.Rxf7 Qh4 26.Qe3 Qxh2+ 27.Kf1 Qh1+ 28.Kf2 Qh4+
29.g3 Qh2+ 30.Ke1 Kxf7 31.Kd2 Bh3 32.Ra3 Rg8 33.Qxe4 Bg4 34.Re3 Bf6 35.Kd3 Bxe2+
36.Nxe2 Qh3 37.Nf4 Qf1+ 38.Kc2 Be5 39.Qf5+ Ke8 40.Qe6+ Kf8 41.Qxh6+ Kf7 42.Qe6+ Kf8
43.Qf5+ Ke8 44.Rxe5+ dxe5 45.Qxe5+ Kf8 46.Qf5+ Ke8 47.Qc8+ Kf7 48.Qxc7+ Kf6
49.Qd6+ Kg5 50.Nd3 Rf8 51.Qe5+ Kg4 52.Qg7+ Kh5 53.Qh7+ Kg4 54.Qh4+ Kf3 55.d6 Qa1
56.d7 Qa4+ 57.Kb2 Ke3 58.Qe7+ Kxd3 59.d8=Q+ Rxd8 60.Qxd8+ Kxc4 61.Qc7+ Kd5
62.Qxb7+ Ke5 63.Qc7+ Kf6 64.Qc5 Qd1 65.Qe3 Qd7 66.Qh6+  1-0

[Event "Valby K41"]
[Site "Valby"]
[Date "1991.??.??"]
[Round "5"]
[White "Larsen, Bent"]
[Black "Vogt, Lothar"]
[Result "1/2-1/2"]
[WhiteElo "2525"]
[BlackElo "2510"]

1.d4 Nf6 2.Nf3 g6 3.c4 Bg7 4.Nc3 O-O 5.e4 d6 6.Be2 e5 7.O-O Nbd7 8.Re1 c6
9.Bf1 exd4 10.Nxd4 Re8 11.Nc2 Ne5 12.Ne3 Be6 13.Rb1 Nfg4 14.Nxg4 Nxg4 15.Bf4 Ne5
16.Rc1 Qf6 17.Qd2 Nxc4 18.Bxc4 Bxc4 19.Bxd6 Rad8 20.e5 Qe6 21.Qe3 Bxa2 22.h4 Bd5
23.Nxd5 Qxd5 24.Qxa7 Bxe5  1/2-1/2

[Event "Valby K41"]
[Site "Valby"]
[Date "1991.??.??"]
[Round "8"]
[White "Nielsen, Peter Heine"]
[Black "Uhlmann, Wolfgang"]
[Result "0-1"]
[WhiteElo "2445"]
[BlackElo "2500"]

1.d4 Nf6 2.c4 g6 3.Nc3 Bg7 4.e4 d6 5.Nf3 O-O 6.Be2 e5 7.Be3 h6 8.O-O Ng4
9.Bc1 Nc6 10.d5 Ne7 11.Ne1 h5 12.f3 Nh6 13.Be3 f5 14.c5 f4 15.Bf2 g5 16.Rc1 Bd7
17.Qb3 b6 18.cxd6 cxd6 19.Nb5 Bxb5 20.Bxb5 g4 21.Kh1 g3 22.Bg1 gxh2 23.Bf2 Bf6
24.Qa4 Ng6 25.Bc6 Rb8 26.Bd7 Bh4 27.Be6+ Kh8 28.Qxa7 Re8 29.Rc7 Nf8 30.Bxb6 Qg5
31.Nd3 Ra8 32.Qb7 Rab8 33.Qa6 Nxe6 34.dxe6 Rg8 35.Rc2 Ra8 36.Qc4 Qg6 37.a4 Be7
38.a5 h4 39.Nb4 Bd8 40.Bxd8 h3 41.Bf6+ Qxf6 42.gxh3 Rxa5 43.Rxh2 Rc5 44.Qb3 Rg3
45.Nd3 Rc8 46.Nf2 Qh4 47.Qd3 Qh5 48.Ng4 Rxh3 49.Rxh3 Qxh3+ 50.Nh2 Ng4 51.Qd2 Ne3
52.Rg1 Qxe6 53.Rc1 Rg8 54.Rg1 Rb8 55.Ng4 Rb7 56.Nh2 Qh3 57.Rg6 Rc7 58.Qf2 Rc8
59.Rg1 Rc2  0-1

[Event "Vienna op"]
[Site "Vienna"]
[Date "1991.??.??"]
[Round "2"]
[White "Stefansson, Hannes"]
[Black "Schlueter, Wolfgang"]
[Result "1-0"]
[WhiteElo "2470"]
[BlackElo "2270"]

1.d4 Nf6 2.c4 g6 3.Nc3 Bg7 4.e4 d6 5.Nf3 O-O 6.Be2 Nbd7 7.O-O e5 8.Qc2 c6
9.Rd1 Qe7 10.d5 c5 11.h3 Ne8 12.g4 Kh8 13.Bg5 f6 14.Be3 f5 15.exf5 gxf5 16.gxf5 Nb6
17.Bd3 e4 18.Nxe4 Bxf5 19.Neg5 Bxh3 20.Bxh7 Qd7 21.Kh2 Bf5 22.Bxf5 Qxf5 23.Qxf5 Rxf5
24.Nh4 Rf6 25.b3 Bh6 26.Rg1 Bxg5 27.Rxg5 Rh6 28.Kh3 Nd7 29.Rf5 Rh7 30.Bd2 Ng7
31.Bc3 Ne5 32.Bxe5 dxe5 33.Rf7 Rh6 34.Rg1 Rg8 35.Rg6 Rxg6 36.Nxg6+ Kh7 37.Nf8+ Kh6
38.Kh4 Rh8  1-0

[Event "Vienna op"]
[Site "Vienna"]
[Date "1991.??.??"]
[Round "2"]
[White "Elbilia, Jacques"]
[Black "Vukic, Milan"]
[Result "1/2-1/2"]
[WhiteElo "2305"]
[BlackElo "2500"]

1.d4 Nf6 2.c4 g6 3.Nc3 Bg7 4.e4 d6 5.Nf3 O-O 6.Be2 e5 7.dxe5 dxe5 8.Qxd8 Rxd8
9.Bg5 c6 10.Nxe5 Re8 11.O-O-O Na6 12.Rd6 Nxe4 13.Nxe4 Bxe5 14.Nf6+ Bxf6 15.Bxf6 Nc5
16.Bd3 Nxd3+ 17.Rxd3 Bf5 18.Rd2 b5 19.c5 Be4 20.f3 Bd5 21.Kb1 Re6 22.Bc3 a5
23.a3 a4 24.Rdd1 Re2 25.Rd2 Re6 26.Rdd1 f6 27.Rhe1 Rxe1 28.Rxe1 Kf7 29.Kc1 Rd8
30.Rd1 g5 31.Rd4 Re8 32.Kd2 h5 33.Rd3 Rg8 34.Ke1 g4 35.fxg4 Rxg4 36.g3 Re4+
37.Kf2 f5 38.Rd4 Re8 39.Rd1 Rg8 40.Be5 Ke6 41.Bf4 h4 42.Rg1 hxg3+ 43.Rxg3 Rh8
44.Rg6+ Kf7 45.Rg5 Kf6 46.Rg1 Rh3 47.Ke1 Rf3 48.Rf1 Rb3 49.Bd2 Rh3 50.Bf4 Be4
51.Rf2 Rh4 52.Bg3 Rg4 53.Kd2 Bd5 54.Rf4 Rg6 55.Bh4+ Ke6 56.Kc3 Be4 57.Rf2 Rg1
58.Bg3 Rc1+ 59.Kd4 Rc4+ 60.Ke3 Rxc5 61.h4 Kf6 62.h5 Kg5 63.Rh2 Rd5 64.Bf4+ Kg4
65.h6 Rd3+ 66.Ke2 Kxf4 67.h7 Rd8 68.h8=Q Rxh8 69.Rxh8 Ke5 70.Rf8 Kd4 71.Kd2 c5
72.Rf7 Kc4 73.Rf8 Kb3 74.Rb8 Kc4 75.Rf8 b4 76.axb4 cxb4 77.Rf6 Kb3 78.Kc1 Ka2
79.Rb6 Kb3 80.Rf6 a3 81.bxa3 Kxa3 82.Rf7 b3 83.Ra7+ Kb4 84.Kb2 Bd5 85.Ra6 Kc4  1/2-1/2

[Event "Vienna op"]
[Site "Vienna"]
[Date "1991.??.??"]
[Round "3"]
[White "Ragozin, Evgeni"]
[Black "Timoshchenko, Gennadi A"]
[Result "1/2-1/2"]
[WhiteElo "2395"]
[BlackElo "2505"]

1.c4 g6 2.Nc3 Bg7 3.d4 Nf6 4.e4 d6 5.Nf3 O-O 6.Be2 e5 7.dxe5 dxe5 8.Qxd8 Rxd8
9.Bg5 c6 10.Nxe5 Re8 11.O-O-O Na6 12.Rd6 Nxe4 13.Nxe4 Bxe5 14.Nf6+ Bxf6 15.Bxf6 Nc5
16.Bd3 Nxd3+ 17.Rxd3  1/2-1/2

[Event "Vienna op"]
[Site "Vienna"]
[Date "1991.??.??"]
[Round "5"]
[White "Kapetanovic, Armin"]
[Black "Brendel, Oliver"]
[Result "1-0"]
[WhiteElo "2440"]
[BlackElo "2325"]

1.d4 Nf6 2.Nf3 g6 3.c4 Bg7 4.Nc3 O-O 5.e4 d6 6.Be2 e5 7.O-O exd4 8.Nxd4 Re8
9.f3 c6 10.Kh1 Nbd7 11.Bg5 Qb6 12.Nb3 a5 13.Qd2 a4 14.Be3 Qc7 15.Nd4 Qa5
16.Rfe1 Ne5 17.Rad1 d5 18.cxd5 cxd5 19.Ncb5 dxe4 20.Qxa5 Rxa5 21.Bd2 exf3
22.gxf3 b6 23.Bxa5 bxa5 24.Nd6 Rf8 25.Bb5 Nh5 26.Nxc8 Rxc8 27.Bxa4 Nf4 28.Bb5 h5
29.Re4 Nh3 30.Kg2 f5 31.Ree1 Nf4+ 32.Kg3 g5 33.h4 Neg6 34.Re8+ Rxe8 35.Bxe8 Nxh4
36.Kf2 g4 37.Kg3 Bxd4 38.Kxf4 Bf2 39.fxg4 hxg4 40.Bc6 Kf7 41.Bb7 Ba7 42.Rh1 Bf2
43.Kg5 Bd4 44.Rxh4 Bf6+ 45.Kh5 Bxb2 46.Rh2 Bc1 47.Bc8 Kf6 48.Rf2  1-0

[Event "Vienna op"]
[Site "Vienna"]
[Date "1991.??.??"]
[Round "8"]
[White "Podzielny, Karl Heinz"]
[Black "Schuh, Franz"]
[Result "1-0"]
[WhiteElo "2455"]
[BlackElo "2355"]

1.d4 Nf6 2.Nf3 g6 3.c4 Bg7 4.Nc3 O-O 5.e4 d6 6.Be2 Nbd7 7.O-O e5 8.Bg5 h6
9.Bh4 c6 10.d5 cxd5 11.cxd5 g5 12.Bg3 Nc5 13.Nd2 a5 14.Re1 Bd7 15.a4 Ne8
16.Nc4 f5 17.f3 Rf7 18.Bf2 b6 19.exf5 Bxf5 20.Bxc5 bxc5 21.Bd3 Bf8 22.Bxf5 Rxf5
23.Qd3 Ng7 24.Ne4 Rf7 25.g4 Rb8 26.Kg2 Rb4 27.b3 Rf4 28.Rad1 Be7 29.Re3 Rf7
30.Qc2 Bf8 31.Ng3 Be7 32.Re4 Rf8 33.Ne3 Rf4 34.Rxb4 Rxb4 35.Nc4 Bf8 36.Rb1 Rb7
37.Qg6 Rf7 38.Nf5 Rf6 39.Nxh6+ Kh8 40.Nf7+ Kg8 41.Nxd8 Rxg6 42.Nxa5 Ne8 43.Ne6 Nf6
44.Nc7 Rg7 45.Ne6 Ra7 46.Nc6 Ra6 47.Nc7 Rb6 48.a5 Rb7 49.a6 Rxc7 50.a7 Rxa7
51.Nxa7 Nxd5 52.Nb5 Kf7 53.Ra1 Ke6 54.Ra7 c4 55.bxc4 Ne3+ 56.Kg3 Nxc4 57.h4 gxh4+
58.Kxh4 d5 59.Ra6+ Kd7 60.g5 e4 61.fxe4 dxe4 62.g6 e3 63.Nd4  1-0

[Event "Waldshut MA"]
[Site "Waldshut"]
[Date "1991.??.??"]
[Round "7"]
[White "Schmidt, Wolfgang"]
[Black "Kettner, Juergen"]
[Result "1/2-1/2"]
[WhiteElo "2355"]
[BlackElo "2215"]

1.d4 Nf6 2.c4 g6 3.Nc3 Bg7 4.e4 O-O 5.Nf3 d6 6.Be2 e5 7.d5 a5 8.O-O Na6 9.Ne1 Nc5
10.Qc2 Bd7 11.Be3 Qe7 12.b3 h5 13.f3 h4 14.Bg5 h3 15.g4 Qe8 16.Nd3 Nh7 17.Be3 Nxd3
18.Qxd3 f5 19.Nb5 Bxb5 20.cxb5 b6 21.Rac1 Rf7 22.Rc6 Rd8 23.Rfc1 Rdd7 24.gxf5 gxf5
25.Bf1 Bf6 26.Bxh3 Rg7+ 27.Kh1 Qh5 28.Qf1 Bg5 29.Bxf5 Bxe3 30.Bxd7 Rxd7 31.Rxc7 Ng5
32.Rxd7 Bxc1 33.Rxd6 Nxf3 34.Qg2+ Ng5 35.Rf6 Bf4 36.d6 Kh7 37.d7 Qd1+ 38.Qg1 Qf3+  1/2-1/2

[Event "Waldshut MA"]
[Site "Waldshut"]
[Date "1991.??.??"]
[Round "7"]
[White "Preiss, Martin"]
[Black "Metz, Hartmut"]
[Result "1/2-1/2"]
[WhiteElo "2290"]
[BlackElo "2255"]

1.c4 Nf6 2.Nf3 g6 3.Nc3 Bg7 4.e4 d6 5.d4 O-O 6.Be2 e5 7.dxe5 dxe5 8.Qxd8 Rxd8
9.Bg5 Rf8 10.Nd5 Nxd5 11.cxd5 c6 12.Bc4 cxd5 13.Bxd5 Nc6 14.Ke2 h6 15.Be3 Nb4
16.Bb3 Bd7 17.Rhc1 Rfd8 18.Bc4 Rac8 19.Nd2 Ba4 20.b3 Bc6 21.a3 Na6 22.b4 Nc7
23.a4 a6 24.Bb3 Bf8 25.Bc5 Re8 26.Bxf8 Kxf8 27.f3  1/2-1/2

[Event "Werfen op"]
[Site "Werfen"]
[Date "1991.??.??"]
[Round "7"]
[White "Ikonnikov, Vyacheslav"]
[Black "Kranzl, Peter"]
[Result "1-0"]
[WhiteElo "2480"]
[BlackElo "2310"]

1.d4 Nf6 2.Nf3 g6 3.c4 Bg7 4.Nc3 O-O 5.e4 d6 6.Be2 e5 7.O-O Nbd7 8.Qc2 exd4
9.Nxd4 Re8 10.Rd1 c6 11.f3 Qe7 12.Bg5 Nc5 13.Rd2 Qe5 14.f4 Qe7 15.Bf3 h6
16.Bh4 g5 17.fxg5 Ng4 18.Bxg4 Bxg4 19.Re1 hxg5 20.Bg3 Be5 21.Nf5 Bxf5 22.exf5 Qf6
23.Red1 Rad8 24.Bxe5 Rxe5 25.b4 Na6 26.a3 Re3 27.Ne4 Qxf5 28.Re2 Rxe2 29.Qxe2 Qe5
30.Qf3 Kg7 31.Rf1 Rf8 32.h4 d5 33.cxd5 cxd5 34.Nxg5 Qd4+ 35.Rf2 Qa1+ 36.Kh2 Qe5+
37.g3 f6 38.Re2  1-0

[Event "Hoogovens-B"]
[Site "Wijk aan Zee"]
[Date "1991.??.??"]
[Round "2"]
[White "Winants, Luc"]
[Black "Bosboom, Manuel"]
[Result "0-1"]
[WhiteElo "2505"]
[BlackElo "2480"]

1.c4 Nf6 2.Nc3 g6 3.d4 Bg7 4.e4 d6 5.Be2 O-O 6.Nf3 e5 7.O-O Na6 8.Be3 Qe8
9.dxe5 dxe5 10.Nd2 Nd7 11.Nb5 Qe7 12.a3 b6 13.b4 c6 14.Nc3 Nc7 15.Nb3 Bb7
16.Qc2 Rac8 17.Rfd1 Ne6 18.Bg4 Rc7 19.Bxe6 Qxe6 20.c5 Rb8 21.cxb6 axb6 22.Nb5 Rcc8
23.Nd6 Rc7 24.Rd2 Bf8 25.Rad1 Ba8 26.h3 Nf6 27.Nc4 c5 28.bxc5 Bxe4 29.Qc1 Bd5
30.Rc2 bxc5 31.Nbd2 Ba8 32.Bg5 Nd5 33.Ne4 Bg7 34.Bh6 Qe7 35.Bxg7 Kxg7 36.Ng3 Nf4
37.Nd6 Qe6 38.Rxc5 Rxc5 39.Qxc5 Nxg2 40.Qc7 Rf8 41.Nde4 Nf4 42.h4 Bxe4  0-1

[Event "Zalaegerszeg"]
[Site "Zalaegerszeg"]
[Date "1991.??.??"]
[Round "9"]
[White "Groszpeter, Attila"]
[Black "Gazik, Igor"]
[Result "1-0"]
[WhiteElo "2480"]
[BlackElo "2455"]

1.d4 Nf6 2.c4 g6 3.Nc3 Bg7 4.e4 d6 5.Nf3 O-O 6.Be2 e5 7.Be3 Ng4 8.Bg5 f6
9.Bc1 Nc6 10.O-O Nh6 11.dxe5 dxe5 12.c5 Be6 13.Qa4 Qe8 14.Bxh6 Bxh6 15.Bc4 Kh8
16.Bxe6 Qxe6 17.Rfd1 f5 18.h3 Bg7 19.Qb3 Qe8 20.Nd5 fxe4 21.Ng5 Nd4 22.Qxb7 Qd8
23.Rxd4 exd4 24.Ne6 Qh4 25.Rf1 Be5 26.Nxf8 Rxf8 27.Qc6 e3 28.fxe3 Bh2+ 29.Kxh2 Rxf1
30.Qe8+ Kg7 31.Qe5+ Kh6 32.exd4 c6 33.Ne7 Qg5 34.Ng8+ Kh5 35.g4+ Kh4 36.Qg3+  1-0